Godła Państw 1 - Statystyki

Ogólne statystyki
  • Ten quiz został rozwiązany 18 razy
  • Średni wynik to 9 z 15
Statystyki odpowiedzi
Obrazkowy Odpowiedź % Poprawnych
Albania
100%
Austria
100%
Brazylia
100%
Chiny
93%
Ekwador
86%
Etiopia
86%
Czechy
79%
Bułgaria
57%
Dominika
57%
Algieria
50%
Czarnogóra
36%
Dania
29%
Estonia
21%
Barbados
0%
Dżibuti
0%
Nie znaleziono quizów pasujących do podanych kryteriów
Rozkład punktacji
Procent ludzi z każdym wynikiem
Percentyl według liczby udzielonych odpowiedzi
Twoja historia wyników
Nie rozwiązałeś tego quizu